La evolución biológica, actualidad y debates /
Αποθηκεύτηκε σε:
| Κύριος συγγραφέας: | |
|---|---|
| Άλλοι συγγραφείς: | , , |
| Μορφή: | Βιβλίο |
| Γλώσσα: | Spanish |
| Έκδοση: |
Buenos Aires, Argentina :
Ministerio de Educación de la Nación,
Impresión de 2012
|
| Σειρά: | Escritura en ciencias,
6 |
| Θέματα: | |
| Ετικέτες: |
Προσθήκη ετικέτας
Δεν υπάρχουν, Καταχωρήστε ετικέτα πρώτοι!
|
MARC
| LEADER | 00000nam a2200000 4500 | ||
|---|---|---|---|
| 008 | 180628b2012 a a|||| |||| 00| | spa d | ||
| 999 | |c 3523 |d 3523 | ||
| 020 | |a 9789500009270 | ||
| 090 | |a 06.03.07 |b 2459 | ||
| 100 | |9 3823 |a Marchisio, Abel Oscar | ||
| 245 | 1 | 3 | |a La evolución biológica, actualidad y debates / |c Abel Oscar Marchisio, Humberto Daniel Devesa, Cecilia Celeste Rosso, Fernando Sica |
| 260 | |a Buenos Aires, Argentina : |b Ministerio de Educación de la Nación, |c Impresión de 2012 | ||
| 300 | |a 145 páginas; |b ilustarciones | ||
| 490 | |a Escritura en ciencias, |v 6 | ||
| 650 | 1 | 4 | |9 996 |a ENSEÑANZA DE LAS CIENCIAS |
| 700 | |9 3824 |a Devesa, Humberto Daniel | ||
| 700 | |9 3825 |a Rosso, Cecilia Celeste | ||
| 700 | |9 3826 |a Sica, Fernando | ||
| 942 | |i 004438 |h 06.03.07 2459 |2 z |c 01 | ||



